000
00221nam a22000857a 4500
008
170220b xxu||||| |||| 00| 0 eng d
100
_9
2917
_a
Raja Pocket Book
245
_a
Aladdin and Magic Lamp
260
_a
New Delhi
_b
RPB
_c
2007
999
_c
6154
_d
6154